| 000 | 00813nam a22001577a 4500 | ||
|---|---|---|---|
| 003 | OSt | ||
| 005 | 20161031145724.0 | ||
| 008 | 161031b xxu||||| |||| 00| 0 eng d | ||
| 040 | _cRUA | ||
| 082 | _aVEM TAN 2015 B525 Or.1 | ||
| 100 |
_911035 _aTANG MENGKHEANG; តាំង ម៉េងឃាង |
||
| 245 | _aStudy on new castle diseases of local chicken and their antibodies by using ha and hi test at saang district, kandal province; សិក្សាជំងឺញូវកាស និងអង់ទីគ័ររបស់មាន់ក្នុងស្រុកតាមរយៈការធ្វើតេស្ត Ha និង hi test នៅស្រុកស្អាង ខេត្តកណ្តាល | ||
| 260 |
_aPhnom Penh _bRUA _c2015 |
||
| 300 |
_ax; 37p; _bill; _c29cm; |
||
| 942 |
_2ddc _cVEM |
||
| 999 |
_c10618 _d10618 |
||